000 00676nam a2200169 i 4500
001 62609
003 ES-MaACL
005 20230906164711.0
007 t|
008 031124m19671968sp ||||1| spa d
100 1 _aFernández Gutiérrez, Julián.
_949841
245 1 0 _aInstantáneas de un sentimiento de la vida optimista y trascendente /
_cJulián Fernández Gutiérrez.
260 _a[Madrid :
_bs.n.],
_c1967-68.
300 _a4 v. ;
_c23 cm.
505 8 _aContiene: T. I: ¿Quién es Dios?. -- T. II: ¿Qué es lo ultrahumano?. -- T. III: ¿Cómo es el fin del mundo?. -- T. IV: ¿Qué hay al otro lado de la barrera de la muerte?
852 _aES-MaACL
_jP-1301
_bR.63361
999 _c62609
_d62609